| 000 | 00493nam a2200157 i 4500 | ||
|---|---|---|---|
| 001 | 134136 | ||
| 003 | ES-MaACL | ||
| 005 | 20230906194616.0 | ||
| 007 | t| | ||
| 008 | 070905s1920 sp ||||1| spa d | ||
| 100 | 1 |
_aWestphal, Alexandre. _9116581 |
|
| 245 | 1 | 0 |
_aPor qué soy cristiano / _cpor Alejandro Westphal ; versión española de Franklin Albricias. |
| 260 |
_aAlicante : _b[s.n.], _c1920 ( _fSucesores de Viuda de Reus) |
||
| 300 |
_a57 p. ; _c21 cm. |
||
| 852 |
_aES-MaACL _j1596-F-12 |
||
| 999 |
_c134136 _d134136 |
||